Finish the Map - Cantons of Switzerland - Statistics

General Stats
  • This quiz has been taken 295 times
  • The average score is 19 of 26
Answers on the Map
Answers color-coded by a green-red scale on the quiz's map according to % correct below.
 
Answer Stats
Cantons % Correct
Bern
97%
Geneva
97%
Zurich
97%
Basel-Stadt
93%
St. Gallen
78%
Ticino
78%
Lucerne
77%
Graubünden
75%
Valais
75%
Zug
74%
Neuchâtel
73%
Uri
73%
Jura
72%
Vaud
72%
Schwyz
69%
Aargau
67%
Fribourg
66%
Schaffhausen
65%
Solothurn
61%
Thurgau
61%
Appenzell Innerrhoden
60%
Basel-Landschaft
60%
Obwalden
60%
Appenzell Ausserrhoden
59%
Nidwalden
59%
Glarus
54%
No matching quizzes found
Score Distribution
Percent of People with Each Score
Percentile by Number Answered
Your Score History
You have not taken this quiz